| 000 -LEADER |
| fixed length control field |
00583nam a2200169 a 4500 |
| 020 ## - INTERNATIONAL STANDARD BOOK NUMBER |
| ISBN |
2709907208 : |
| 040 ## - CATALOGING SOURCE |
| Transcribing agency |
DLC |
| 082 00 - DEWEY DECIMAL CLASSIFICATION NUMBER |
| Classification number |
307 EDI 1984 A072 Or. |
| 245 03 - TITLE STATEMENT |
| Title |
Le Développement rural en questions : |
| Remainder of title |
paysages, espaces ruraux, systèmes agraires : Maghreb, Afrique noire, Mélanésie / |
| 260 ## - PUBLICATION, DISTRIBUTION, ETC. (IMPRINT) |
| Place of publication |
Paris : |
| Name of publisher |
Editions de l' ORSTOM, |
| Year of publication |
1984. |
| 300 ## - PHYSICAL DESCRIPTION |
| Number of Pages |
xiv, 505 p., [2] folded leaves of plates : |
| Other physical details |
ill. ; |
| Dimensions |
24 cm. |
| 490 1# - SERIES STATEMENT |
| Series statement |
Collections Mémoires ; |
| 500 ## - GENERAL NOTE |
| General note |
Summaries in English. |
| 650 #0 - SUBJECT ADDED ENTRY--TOPICAL TERM |
| Topical Term |
Rural development |
| 700 2# - ADDED ENTRY--PERSONAL NAME |
| Personal name |
Blanc-Pamard, Chantal. |
| 942 ## - ADDED ENTRY ELEMENTS (KOHA) |
| Koha item type |
សៀវភៅភាសាអង់គ្លេស |
| 952 ## - LOCATION AND ITEM INFORMATION (KOHA) |
| Withdrawn status [LOCAL, KOHA] |
0 |